000 00586nam a2200205Ia 4500
005 20250326144403.0
008 250326s9999 xx 000 0 und d
020 _a81-89265-03-8
037 _aTextbook
040 _aFMSL
_beng
_cFMSL
041 _aeng
_2eng
084 _aX:89Q8 P8
_qFMSL
100 _aRampersad H K
245 0 _aTPS-Lean six sigma : linking human capital to lean six sigma
_cRampersad H K; El-homsi A
260 _aNew Delhi
_bNew Delhi, Sara
_c2008
300 _a373p
365 _b1295
942 _cTB
_hX:89Q8 P8
999 _c1303525
_d1303525